Normal view
MARC view
Entry Personal Name
001 - CONTROL NUMBER
- control field: 19400
003 - CONTROL NUMBER IDENTIFIER
- control field: OSt
005 - DATE AND TIME OF LATEST TRANSACTION
- control field: 20251006112227.0
008 - FIXED-LENGTH DATA ELEMENTS
- fixed length control field: 251006|| aca||aabn | a|a d
040 ## - CATALOGING SOURCE
- Original cataloging agency: OSt
- Transcribing agency: OSt
100 ## - HEADING--PERSONAL NAME
- Personal name: Yoshida, KΕsaku,
- Dates associated with a name: 1909-1990
670 ## - SOURCE DATA FOUND
- Source citation: Work cat.: (OSt)9529: Yoshida, KΕsaku, 1909-1990., Functional analysis /, c1995.
